| 000 | 00452cam a22001934a 4500 | ||
|---|---|---|---|
| 005 | 20250605164250.0 | ||
| 008 | 250528s ||||||||||||||||||||||||d | ||
| 035 | _a21685 | ||
| 020 | _a9780582447721 | ||
| 040 |
_aGR-AtMCL _bgre _dGR-AtMCL _eAACR2 |
||
| 245 | 1 | _aFOCUS ON IELTS TEACHER'S BOOK | |
| 250 | _a3 | ||
| 260 |
_bLongman, _c2003 |
||
| 300 | _a80 | ||
| 700 | 1 |
_aO'Connell Sue _95215 |
|
| 942 | _cBK | ||
| 999 |
_c6745 _d6745 |
||